The peasant betrayed : agriculture and land reform in the third world

Bibliographic Details
Main Author: Powelson, John P. 1920-
Other Authors: Stock, Richard
Format: Book
Published: Boston, M. A. : Oelgeschlager, Gunn & Hain Publishers , 1987
Subjects:

MARC

LEADER 00000cam a2200000 7i4500
001 0000009539
005 20050505.0
020 |a 0889462162 
040 |a INS 
090 0 0 |a HD1542.   |b P68 1987 
100 1 |a Powelson, John P. 1920- 
245 1 4 |a The peasant betrayed :   |b agriculture and land reform in the third world   |c John P. Powelson, 
260 |a Boston, M. A. :   |b Oelgeschlager, Gunn & Hain Publishers ,   |c 1987 
300 |a 302p. ;   |c 26cm. 
650 0 0 |a Agriculture   |x Economic aspects   |x Developing countries 
650 0 0 |a Developing countries   |x Economic conditions 
650 0 0 |a Land reform   |x Developing countries 
650 0 0 |a Pesantry   |x Developing countries 
700 1 |a Stock, Richard 
999 |a 0000003876   |b BOOK   |c Open Shelf   |e Default branch